01660nam a2200289Ia 450000500170000000800410001702000180005804000080007605000220008410000200010624500900012626000370021630000180025333700100027133800140028133900120029544000300030750000300033750000550036750507080042265000210113065000240115170000510117594200070122695201200123399900170135320231102151603.0130818t2006 MX g 000 0 spa d a970-9849-07-7 eRDA aKGF2569 S353 200610aSAÍD, Alberto10aTeoría general del proceso /c Alberto Saíd, Isidro Manuel González Gutiérrez aMéxico b: IURE Editoresc2006 a402 páginas atexto asin medio avolumen a(Col. Textos jurídicos) aBibliogrfía e índices aEduación mixta Licenciatura en Derecho 14 004680 aNociones generales Diversas formas de solución de litigios Ciencia del derecho procesal Evolución del pensamiento y legislación procesal Fuentes del derecho procesal Unidad procesal Ley procesal Conceptos fundamentales Acción procesal Defensa y excepción Presupuestos procesales Jurisdicción Organos jurisdiccionales y jueces Secretario judicial Ministerio público Partes Representación Terceros en el proceso Proceso Jurisdiccional Proceso y procedimiento Tiempo y proceso Hechos y actos procesales Lugar y sede los actos procesales Nulidad de los actos procesales Prueba de resoluciones judiciales Cosa juzgada Impucnación de las resoluciones judiciales Teoría de la ejecución 10aDERECHO PROCESAL20a PROCESOS (DERECHO) aGONZÁLEZ Gutiérrez, Isidro Manueldcoautor cLB 00102lcc4070a14b14d2012-11-21l3m1oKGF 2569 S353 2003p14 004680r2016-10-31s2016-10-31t1w2013-09-04yLB c90524d90524